000 00299nam a2200133Ia 4500
008 230917s9999||||xx |||||||||||||| ||und||
040 _e155225
_aMAIN
041 _aEnglish
082 _a294.564 A14N
100 _aAnantanand
245 0 _aNirvana-priyatam charit
300 _a275 p.
942 _cBK
999 _c73491
_d73491